000 00916cab a2200253 4500
001 ABS52509
008 090401t1994 xxu||||| |||| 00| 0 eng d
035 _a(Sirsi) u82593
041 _aeng
100 _aThurlow, A.
245 _aGetting private lettings motoring
260 _c1994
350 _a0
490 _aInside Housing
_v12(12) 24 March 1994, 14-15(2)
520 _aSuggests that authorised housing investment trusts may be suitable means of financing the private rented sector of the housing market, and cites in support research from the Joseph Rowntree Foundation, Association of Residential Letting Agents and Housing Investment Group.
650 _aAUTHORISED HOUSING INVESTMENT TRUSTS
650 _aHOUSING INVESTMENT
650 _aPRIVATE FINANCE
650 _aPRIVATE RENTED SECTOR
650 _aRENTED HOUSING
690 _aHOUSING-FINANCE
942 _n0
948 _c04/03/1997
999 _c52165
_d52165